000 00901nas a2200301 4500
001 BR8306043
003 BR-BrBNA
005 20231205085710.0
007 ta
008 230509b bl.|||p| |||| 00| 00por d
040 _aBR-BrBNA
_bpor
_cBiblioteca Nacional de Agricultura
041 _a(Pt)
072 _aL02
100 1 _aCruz, S.M. da C.
100 1 _aWentzel, N.G.
245 1 _aOs minerais indispensaveis; calcio, fosforo, sodio, cloro, potassio e outros elementos devem estar presentes na alimentacao fornecida ao rebanho
650 _aNUTRICAO ANIMAL
650 _aBOVINO
650 _aSUPLEMENTO ALIMENTAR
650 _aCALCIO
650 _aFOSFORO
650 _aSODIO
650 _aCLORO
650 _aPOTASSIO
773 0 _tGranja (Brazil)
_xISSN 0367-505X
_g(Oct 1983), v. 39(429) p. 28-31
_wBR8306043
909 _a202311
_bLúcia
_c55
_dLúcia Elande
942 _2AGRIS
_n0
_cANA
999 _c113175
_d113175